THE NET : Principy činností a technické vybavení počítačových sítí /

Uložené v:
Podrobná bibliografia
Hlavný autor: Rosa, Zdeněk (Autor)
Médium: Kniha
Jazyk:Czech
Vydavateľské údaje: Pardubice : STARPO spol.s r.o, 1991
Vydanie:1.vyd.
Tagy: Pridať tag
Žiadne tagy, Buďte prvý, kto otaguje tento záznam!

MARC

LEADER 00000nam a22000003a 4500
001 stu820
005 20150617225617.9
008 911125s1991----cs------------------cze-d
040 |a STU  |b slo 
041 0 |a cze 
044 |a cs 
080 |a 681.324 
100 1 |a Rosa, Zdeněk  |4 aut 
245 1 |a THE NET :  |b Principy činností a technické vybavení počítačových sítí /  |c [aut.] Rosa,Zdeněk 
250 |a 1.vyd. 
260 |a Pardubice :  |b STARPO spol.s r.o,  |c 1991 
300 |a 149 s :  |b príl 
996 |b 284EK02152  |c E*75357  |l EE01  |s A  |a 24  |w stu820_0001